00947cam a22003011 45000010008000000030004000080050017000120080041000290100017000700350012000870350019000990400030001180430012001480500015001600820016001751000022001912450023002132600061002363000041002973360026003383370028003643380027003925040064004196500040004836500033005236500037005566510052005937906055OSt20260512160510.0750520s1952 ncuab b 000 0 eng  a 52008501  a7906055 a(OCoLC)1347166 aDLCcPPSJdOCoLCdNNdDLC an-usu--00aF215b.H43 a320.972 HIL1 aHeard, Alexander.12aA two-party South? aChapel Hill,bUniversity of North Carolina Pressc[1952] axviii, 334 p.bmaps, diagrs.c21 cm. atextbtxt2rdacontent aunmediatedbn2rdamedia avolumebnc2rdacarrier aBibliographical references included in "Notes" (p. 281-318) 0aPolitical partieszSouthern States. 0aAfrican AmericansxSuffrage. 0aAfrican AmericansxCivil rights. 0aSouthern StatesxPolitics and governmenty1865-